The impact of teacher-student conferences on high school students’ EFL writing performance : Master of education. Program: Principles and Methods in English Language Education

Investigated the impact of teacher-students conferences on high school students' EFL writing performances

Uloženo v:
Podrobná bibliografie
Hlavní autor: Phan, Thị Mỹ Hằng
Médium: Kniha
Jazyk:Undetermined
Vydáno: Cần Thơ Trường Đại học Cần Thơ 2015
Témata:
Tagy: Přidat tag
Žádné tagy, Buďte první, kdo otaguje tento záznam!
Thư viện lưu trữ: Trung tâm Học liệu Trường Đại học Cần Thơ
LEADER 00945nam a2200229Ia 4500
001 CTU_201192
008 210402s9999 xx 000 0 und d
082 |a 428.2407 
082 |b H116 
088 |a 60140111 
100 |a Phan, Thị Mỹ Hằng 
245 4 |a The impact of teacher-student conferences on high school students’ EFL writing performance : 
245 0 |b Master of education. Program: Principles and Methods in English Language Education 
245 0 |c Phan Thị Mỹ Hằng ; Châu Thiện Hiệp (Supervisor) 
260 |a Cần Thơ 
260 |b Trường Đại học Cần Thơ 
260 |c 2015 
520 |a Investigated the impact of teacher-students conferences on high school students' EFL writing performances 
650 |a English language,Tiếng Anh 
650 |x Study and teaching,Dạy và học 
910 |a Khoa,Hải 
980 |a Trung tâm Học liệu Trường Đại học Cần Thơ